Central Library and Information Centre
Sibsagar Girls' College, Sivasagar : Assam

ENCYCLOPAEDIC DICTIONARY OF ECONOMICS (Record no. 4607)

MARC details
000 -LEADER
fixed length control field 00425cam a2200181ua 4500
008 - FIXED-LENGTH DATA ELEMENTS--GENERAL INFORMATION
fixed length control field 120409n1985 II |||gr||||Z||||||eng
040 ## - CATALOGING SOURCE
Original cataloging agency MAIN
041 ## - LANGUAGE CODE
-- English
082 ## - DEWEY DECIMAL CLASSIFICATION NUMBER
Classification number 413 GHO
082 ## - DEWEY DECIMAL CLASSIFICATION NUMBER
Classification number 330 GHO
100 ## - MAIN ENTRY--PERSONAL NAME
Personal name GHODKE, N. B.
245 ## - TITLE STATEMENT
Title ENCYCLOPAEDIC DICTIONARY OF ECONOMICS
260 ## - PUBLICATION, DISTRIBUTION, ETC.
Place of publication, distribution, etc. NEW DELHI
Name of publisher, distributor, etc. MITTAL PUBLISHERS
Date of publication, distribution, etc. 1985
300 ## - PHYSICAL DESCRIPTION
Extent 265:
Dimensions 18CM.
942 ## - ADDED ENTRY ELEMENTS (KOHA)
Koha item type Books
653 ## - INDEX TERM--UNCONTROLLED
Uncontrolled term Dictionaries
Holdings
Withdrawn status Lost status Damaged status Not for loan Collection code Home library Current library Shelving location Date acquired Full call number Barcode Date last seen Copy number Price effective from Koha item type Public note
        General Reference Central Library and Information Centre Sibsagar Girls College Central Library and Information Centre Sibsagar Girls College Encyclopedia 06.06.1990 413 GHO 12962 27.02.2020 1 27.02.2020 Books V
        General Reference Central Library and Information Centre Sibsagar Girls College Central Library and Information Centre Sibsagar Girls College Encyclopedia 06.06.1990 330 GHO 12963 27.02.2020 2 27.02.2020 Books V
        General Reference Central Library and Information Centre Sibsagar Girls College Central Library and Information Centre Sibsagar Girls College Encyclopedia 06.06.1990 330 GHO 12964 27.02.2020 3 27.02.2020 Books V
        General Reference Central Library and Information Centre Sibsagar Girls College Central Library and Information Centre Sibsagar Girls College Encyclopedia 06.06.1990 330 GHO 12965 27.02.2020 4 27.02.2020 Books V
        General Reference Central Library and Information Centre Sibsagar Girls College Central Library and Information Centre Sibsagar Girls College Encyclopedia 06.06.1990 330 GHO 12966 27.02.2020 5 27.02.2020 Books V


Sibsagar Girl's College © 2020. All rights reserved.
Powered by Koha.
Maintained by Abhijit Borpuzari.